| 000 | 00540nam a22002051 4500 | ||
|---|---|---|---|
| 005 | 20260322212039.0 | ||
| 008 | data | ||
| 010 | _a 64017265 | ||
| 040 |
_aDLC/ICU _cICU _dDLC |
||
| 043 | _an-us-az | ||
| 050 | 0 | 0 |
_aQL684.A6 _bP5 |
| 082 | 0 | 0 | _a598.29791 |
| 092 | _a598.297 P5 1964 | ||
| 100 | 1 | _aPhillips, Allan R. | |
| 245 | 1 | 4 |
_aThe birds of Arizona, _cAllan R. Phillips. |
| 260 |
_aTucson, _bUniversity of Arizona Press, _c1964. |
||
| 300 |
_axviii, 212 p. _billus., maps, col. plates. _c32 cm. |
||
| 650 | 0 |
_aBirds _zArizona. |
|
| 001 | data | ||
| 999 |
_c921 _d921 |
||